Daňové aspekty finančných transakcií, nástrojov

Zavedenie dane z transakcií a povinnosť zaplatenia dane z finančných transakcií, ako aj problémy pri jej realizácii. Aktuálna situácia a postoj členských štátov EÚ k zavedeniu dane z finančných transakcií.

Uložené v:
Podrobná bibliografia
Hlavný autor: Vavrová, Katarína, 1960-
Médium: Kapitola
Jazyk:Slovak
Predmet:
Tagy: Pridať tag
Žiadne tagy, Buďte prvý, kto otaguje tento záznam!

MARC

LEADER 00000naa$a2200000$$$4500
001 0224421
005 20240502073657.1
041 0 |a slo 
044 |a SK 
245 1 0 |a Daňové aspekty finančných transakcií, nástrojov  |c Katarína Vavrová 
520 |a Zavedenie dane z transakcií a povinnosť zaplatenia dane z finančných transakcií, ako aj problémy pri jej realizácii. Aktuálna situácia a postoj členských štátov EÚ k zavedeniu dane z finančných transakcií. 
610 2 0 |a systémy daňové 
610 2 0 |a povinnosť daňová 
610 2 0 |a dane z operácií finančných 
610 2 0 |a dane zo zisku 
610 2 0 |a miera zdanenia 
610 2 0 |a nástroje finančné 
610 2 0 |a Európska únia 
100 1 |a Vavrová, Katarína, 1960-